| 000 | 00884cam a2200229 4500 | ||
|---|---|---|---|
| 008 | 090401t1991 xxu||||| |||| 00| 0 eng d | ||
| 020 | _a047193058X | ||
| 035 | _a(Sirsi) u31430 | ||
| 041 | _aeng | ||
| 050 | _a694.012 | ||
| 245 | _aSerpula lacrymans: fundamental biology and control strategies. | ||
| 260 |
_aChichester _bJohn Wiley & Sons _c1991 |
||
| 300 | _ax,217p. : ill. ; 25cm. | ||
| 350 | _a45 | ||
| 520 | _aA detailed guide to the fungus that causes dry rot with chapters written by various experts. Includes information on dry rot in Switzerland, Denmark, Australia and Japan, as well as Meruliporia Incrassata the US equivalent. | ||
| 650 | _aBUILT ENVIRONMENT-BUILDING PATHOLOGY-INFESTATION (FUNGAL)-FUNGI-DRY ROT | ||
| 690 | _aBUILT ENVIRONMENT | ||
| 700 |
_aJennings, D.H. _xEditor |
||
| 700 |
_aBravery, A. F. _xEditor |
||
| 942 | _n0 | ||
| 948 | _c04/03/1997 | ||
| 999 |
_c89592 _d89592 |
||